000 00875nam a2200229Ii 4500
003 JO-AjNU
008 230605s9999||||xx |||||||||||||| ||und||
017 _a2019/4/1780
020 _a978-9957-956-69-1
040 _aJO-AjNU
_bara
_erda
_cJO-AjNU
041 _aara
050 1 4 _aHD60 2020
100 3 _aوهيبة، مقدم,
_eauthor
_961606
245 0 0 _aالمسؤولية الاجتماعية في منظمات الأعمال: المفهوم والأهمية-الإدارة والتقييم- التجارب الدولية
250 _aط1
264 3 1 _aعمان :دار الأيام للنشر ،2020
300 _a218ص
336 _atext
_btxt
_2rdacontent
337 _aunmediated
_bn
_2rdamedia
338 _avolume
_bnc
_2rdacarrier
650 4 _aالمسؤولية الاجتماعية-الإدارة التنفيذية-منظمات الاعمال
_961607
999 _aA27855
_c31423
_d31423